书目信息 |
| 题名: |
中国魔术
|
|
| 作者: | 杨晓歌 , 曾国珍 著 | |
| 分册: | ||
| 出版信息: | 天津 天津科学技术出版社 1981 |
|
| 页数: | 262页 | |
| 开本: | 21cm | |
| 丛书名: | ||
| 单 册: | ||
| 中图分类: | J828 | |
| 科图分类: | ||
| 主题词: | 魔术--中国 | |
| 电子资源: | ||
| ISBN: | ||
| 000 | 00650nam0 2200241 45 | |
| 001 | 0181009527 | |
| 005 | 20060819171445.34 | |
| 010 | @dCNY1.15 | |
| 091 | @a8212.1 | |
| 100 | @a19950612d1981 em y0chiy0121 ea | |
| 101 | 0 | @achi |
| 102 | @aCN@b120000 | |
| 105 | @af z 000yy | |
| 200 | 10 | @a中国魔术@Azhong guo mo shu@f曾国珍,杨晓歌著 |
| 210 | @a天津@c天津科学技术出版社@d1981 | |
| 215 | @a262页@c照片@d21cm | |
| 606 | @a魔术@y中国 | |
| 690 | @aJ828@v3 | |
| 701 | 0 | @a杨晓歌@Ayang xiao ge@4著 |
| 701 | 0 | @a曾国珍@Azeng guo zhen@4著 |
| 801 | 2 | @aCN@bNLC@c20060819 |
| 801 | 0 | @aCN@b上海图书馆@c20040509 |
| 905 | @f1@b54058@dJ828@e3@b54060@f1 | |
| 中国魔术/曾国珍,杨晓歌著.-天津:天津科学技术出版社,1981 |
| 262页:照片;21cm |
| ISBN :CNY1.15 |
| ● |
| 相关链接 |
|
|
|
|
正题名:中国魔术
索取号:J828/3
 
预约/预借
| 序号 | 登录号 | 条形码 | 馆藏地/架位号 | 状态 | 备注 |
| 1 | 0054058 | 001223651 | 第一借阅区/ [索取号:J828/3] | 在馆 | |
| 2 | 0054059 | 001223660 | 第一样本阅览室/ [索取号:J828/3] | 在馆 | |
| 3 | 0054060 | 001223642 | 第一借阅区/ [索取号:J828/3] | 在馆 | |
| 4 | 0466999 | 204669992 | 密集书库/ [索取号:J828/3] | 在馆 |